000
00288nam a22001337a 4500
008
170215b xxu||||| |||| 00| 0 eng d
020
_a
9780781727969
041
_a
eng
080
_2
14TH
_a
61
100
_a
4
101
_a
SHM
245
_a
DIABETES MELLITUS
_c
KAHN, C.R
942
_2
udc
_c
BK
999
_c
5574
_d
5574